Normal view
MARC view
- Sumaira Malik
Entry Personal Name
001 - CONTROL NUMBER
- control field: 5940
003 - CONTROL NUMBER IDENTIFIER
- control field: NUST
005 - DATE AND TIME OF LATEST TRANSACTION
- control field: 20171103132443.0
008 - FIXED-LENGTH DATA ELEMENTS
- fixed length control field: 171103|| aca||aabn | a|a d
040 ## - CATALOGING SOURCE
- Original cataloging agency: NUST
- Transcribing agency: NUST
100 ## - HEADING--PERSONAL NAME
- Personal name: Sumaira Malik
670 ## - SOURCE DATA FOUND
- Source citation: Work cat.: (NUST): Sumaira Malik, MS-Thesis : In-Sillico Identification and Analysis of miRNAs and mRNAs in Lung Adenocarcinoma, c.2017
